000 00331 a2200157 4500
001 45493
020 _a
040 _cAnchieta - Aquarius
100 _aGouveia, Luis Augusto
240 1 0 _aFazendo arte
_lpor
245 1 0 _aFazendo arte
300 _a111
362 0 _a2003
650 4 _aLiteratura infanto-juvenil
942 _cBK
999 _c45493
_d45493